00438nam a2200169Ia 4500003000400000005001700004008004100021020001800062040000900080082001700089100002300106245004500129250001200174260005700186300000900243650001600252OSt20200724130550.0190216s9999||||xx |||||||||||||| ||und|| a9788122436129 coclc a515.7bLIM/F aLimaye, Balmohan V 0aFunctional Analysis /cBalmohan V Limaye a3rd Ed. bNew Age International Publishers,c2014.aNew Delhi: a612p aMathematics